01775nam a2200385 i 4500003000900000005001700009007000300026008004100029020001800070040003000088082002400118100005100142245015700193250002300350264005600373300002700429336002700456337003400483338002800517490002400545490001100569500007200580590002700652600007300679650007000752651006600822651006600888700005200954700004501006830003901051910001401090942001801104952025001122999001701372DO-SdBNP20260524005308.0ta240325s2013 dr c 000 j spa d a9781932766400 aDO-SdBNPbspacBNPHUerda 1a320.97293bR696223 aRodríguez Beruff, Jorge,eautor4aut.91176510aEntre islas :bhomenaje puertorriqueño a Juan Bosch /cJorge Rodríguez Beruff ; editor, Juan B. Giusti de Jesús ; presentación, Franklin Franco  bPrimera edición  1aSan Juan, Puerto Rico :bEditora Callejón,c2013. a226 páginas :c22 cm atextobtxt2rdacontent asin mediación bn2rdamedia avolumenbnc2rdacarrier1 aColección En Fuga1 aEnsayo aIncluye datos biográficos de los editores en las paginas 221-226. aInventariado, 2024/ YL 72LembaBosch, JuanxPensamiento político y socialy1909-2001989712 72LembaIntelectualesvBiografía zRepública Dominicana 989713 72LembaRepública Dominicana xRealcioneszPuerto Rico989714 72LembaPuerto RicoxRealcioneszRepública Dominicana 9897151 aGiusti de Jesús, Juan B.,eeditor4ed.9850931 aFranco, Franklin,epresentación934451 aColección En FugapEnsayo986934 aYLockward 2ddccLBS1e23 00102ddc51708PDaBNPHUbBNPHUcCTd2024-03-25eDonado por la Presidencia de la República Dominicana 2023.l0oBNPHU PD 320.97293 R696p2024-1696r2024-03-25w2024-03-25yLBS1zPerteneció a la biblioteca personal de Emilio Cordero Michel. c56197d56197